书目信息 |
| 题名: |
社会主义荣辱观大学生读本
|
|
| 作者: | 向洪 主编 | |
| 分册: | ||
| 出版信息: | 成都 西南交通大学出版社 2006.10 |
|
| 页数: | 423页 | |
| 开本: | 21cm | |
| 丛书名: | ||
| 单 册: | ||
| 中图分类: | G641 | |
| 科图分类: | ||
| 主题词: | 大学生--da xue sheng--思想政治教育--中国--学习参考资料 | |
| 电子资源: | ||
| ISBN: | 7-81104-420-X | |
| 000 | 00841nam0 2200229 450 | |
| 001 | 012007360091 | |
| 005 | 20071228111243.42 | |
| 010 | @a7-81104-420-X@dCNY32.00 | |
| 100 | @a20071227d2006 km y0chi0120 ea | |
| 101 | 0 | @achi |
| 102 | @aCN@b510000 | |
| 105 | @ay z 000yy | |
| 106 | @ar | |
| 200 | 1 | @a社会主义荣辱观大学生读本@Ashe hui zhu yi rong ru guan da xue sheng du ben@f向洪主编@Fxiang hong zhu bian |
| 210 | @a成都@c西南交通大学出版社@d2006.10 | |
| 215 | @a423页@d21cm | |
| 330 | @a本书全面阐述了社会主义荣辱观的丰富内涵。从历史与现实的视角、理论与实际的层面对“八荣八耻”进行了阐述与揭示,对于大学生树立正确的世界观、人生观等。 | |
| 606 | 0 | @a大学生@Ada xue sheng@x思想政治教育@y中国@j学习参考资料 |
| 690 | @aG641@v4 | |
| 701 | 0 | @a向洪@Axiang hong@4主编 |
| 801 | 0 | @aCN@bQSSK@c20071228 |
| 905 | @b272843-45@dG641@eX275@f3 | |
| 社会主义荣辱观大学生读本/向洪主编.-成都:西南交通大学出版社,2006.10 |
| 423页;21cm |
| ISBN 7-81104-420-X:CNY32.00 |
| 本书全面阐述了社会主义荣辱观的丰富内涵。从历史与现实的视角、理论与实际的层面对“八荣八耻”进行了阐述与揭示,对于大学生树立正确的世界观、人生观等。 |
| ● |
| 相关链接 |
|
|
|
正题名:社会主义荣辱观大学生读本
索取号:G641/X275
 
预约/预借
| 序号 | 登录号 | 条形码 | 馆藏地/架位号 | 状态 | 备注 |
| 1 | 272843 | 202728432 | 社科库409/409社科库 10排2列4层/ [索取号:G641/X275] | 在馆 | |
| 2 | 272844 | 202728441 | 社科库409/409社科库 10排2列4层/ [索取号:G641/X275] | 在馆 | |
| 3 | 272845 | 202728450 | 社科二线422/422社科库 32排3列2层/ [索取号:G641/X275] | 在馆 |